Sistemas de información gerencial

Shranjeno v:
Bibliografske podrobnosti
Main Authors: Laudon, Kenneth C (Author), Laudon, Jane Price (Author)
Format: Knjiga
Jezik:španščina
Izdano: Cuernavaca, México. Pearson Educación, 2016
Izdaja:Decimocuarta edición
Teme:
Online dostop:Disponible Online
Oznake: Označite
Brez oznak, prvi označite!

MARC

LEADER 00000cam a2200000 a 4500
001 UCC6821
003 CL-VaPUC
005 20211113123650.0
008 190111e20160000mx |||||||||||||||||spa|d
999 |c 373671  |d 373669 
020 |a 9786073236966 
040 |c Pontificia Universidad Católica de Valparaíso 
082 0 4 |a 658.4038011 LAU 2016  |2 21 
100 |a Laudon, Kenneth C  |e author  |9 601339 
245 1 0 |a Sistemas de información gerencial 
250 |a Decimocuarta edición  
260 |a Cuernavaca, México.   |b Pearson Educación,  |c 2016 
300 |a 604 páginas  
583 |a last modification  |c 20190111 14:04:00  |k Rodrigo Vera 
650 0 |a Gestión de la información   |9 362327 
650 0 |a Administración  |v Sistemas de información   |9 862020 
650 0 |a Tecnología de la información   |9 254825 
650 0 |a Planificación estratégica   |9 259735 
650 0 |a Toma de decisiones   |9 257530 
700 |a Laudon, Jane Price  |e author  |9 601340 
852 |a BIBGIM 
856 |u http://bibliografiadigital.pucv.cl.pucv.idm.oclc.org/index.php/bibliotecapucv/catalog/book/568  |y Disponible Online  
942 |c BK  |2 ddc 
945 |d 20190111 14:04:00  |a dcastane 
952 |0 0  |1 0  |3 erb  |4 0  |6 658_403801100000000_LAU_2016  |7 0  |8 R  |9 491868  |a BIBGIM  |b BIBGIM  |i 5528542  |o 658.4038011 LAU 2016  |p 5528542  |r 2025-01-15  |w 2019-11-24  |y BK_R  |z Catalogado en:20190111  |k COM 
952 |0 0  |1 0  |3 erb  |4 0  |6 658_403801100000000_LAU_2016  |7 0  |8 R  |9 491869  |a BIBGIM  |b BIBGIM  |i 5528518  |o 658.4038011 LAU 2016  |p 5528518  |r 2025-01-15  |w 2019-11-24  |y BK_R  |z Catalogado en:20190111  |k COM 
952 |0 0  |1 0  |3 erb  |4 0  |6 658_403801100000000_LAU_2016  |7 0  |8 R  |9 491870  |a BIBGIM  |b BIBGIM  |i 552850K  |o 658.4038011 LAU 2016  |p 552850K  |r 2025-01-15  |w 2019-11-24  |y BK_R  |z Catalogado en:20190111  |k COM 
952 |0 0  |1 0  |3 erb  |4 0  |6 658_403801100000000_LAU_2016  |7 0  |8 R  |9 491871  |a BIBENE  |b BIBENE  |d 2019-06-24  |e 1  |g 61161.00  |i 5554217  |l 2  |o 658.4038011 LAU 2016  |p 5554217  |r 2025-03-28  |s 2025-03-28  |v 61161.00  |w 2019-11-24  |y BK_R  |z Catalogado en:20190628  |k ICO 
952 |0 0  |1 0  |3 erb  |4 0  |6 658_403801100000000_LAU_2016  |7 0  |8 R  |9 491872  |a BIBENE  |b BIBENE  |d 2019-06-24  |e 1  |g 61161.00  |i 5554276  |l 3  |o 658.4038011 LAU 2016  |p 5554276  |r 2025-03-31  |s 2025-03-27  |v 61161.00  |w 2019-11-24  |y BK_R  |z Catalogado en:20190628  |k ICO 
952 |0 0  |1 0  |3 erb  |4 0  |6 658_403801100000000_LAU_2016  |7 0  |8 R  |9 491873  |a BIBENE  |b BIBENE  |d 2019-06-24  |e 1  |g 61161.00  |i 5554241  |l 3  |m 1  |o 658.4038011 LAU 2016  |p 5554241  |r 2025-03-31  |s 2025-03-27  |v 61161.00  |w 2019-11-24  |y BK_R  |z Catalogado en:20190628  |k ICO 
952 |0 0  |1 0  |3 erb  |4 0  |6 658_403801100000000_LAU_2016  |7 0  |8 R  |9 491874  |a BIBENE  |b BIBENE  |d 2019-06-24  |e 1  |g 61161.00  |i 5554306  |l 2  |o 658.4038011 LAU 2016  |p 5554306  |r 2025-03-31  |s 2025-03-27  |v 61161.00  |w 2019-11-24  |y BK_R  |z Catalogado en:20190628  |k ICO 
952 |0 0  |1 0  |3 erb  |4 0  |6 658_403801100000000_LAU_2016  |7 0  |8 R  |9 491875  |a BIBENE  |b BIBENE  |d 2019-06-24  |e 1  |g 61161.00  |i 555425K  |o 658.4038011 LAU 2016  |p 555425K  |r 2025-01-15  |v 61161.00  |w 2019-11-24  |y BK_R  |z Catalogado en:20190628  |k ICO 
952 |0 0  |1 0  |3 erb  |4 0  |6 658_403801100000000_LAU_2016  |7 0  |8 R  |9 491876  |a BIBENE  |b BIBENE  |d 2019-06-24  |e 1  |g 61161.00  |i 5554268  |l 6  |m 1  |o 658.4038011 LAU 2016  |p 5554268  |r 2025-05-06  |s 2025-05-02  |v 61161.00  |w 2019-11-24  |y BK_R  |z Catalogado en:20190628  |k ICO 
952 |0 0  |1 0  |3 erb  |4 0  |6 658_403801100000000_LAU_2016  |7 0  |8 R  |9 491877  |a BIBENE  |b BIBENE  |d 2019-06-24  |e 1  |g 61161.00  |i 5554225  |l 2  |m 1  |o 658.4038011 LAU 2016  |p 5554225  |r 2025-03-31  |s 2025-03-27  |v 61161.00  |w 2019-11-24  |y BK_R  |z Catalogado en:20190628  |k ICO 
952 |0 0  |1 0  |3 erb  |4 0  |6 658_403801100000000_LAU_2016  |7 0  |8 R  |9 491878  |a BIBENE  |b BIBENE  |d 2019-06-24  |e 1  |g 61161.00  |i 5554233  |l 2  |m 1  |o 658.4038011 LAU 2016  |p 5554233  |r 2025-03-31  |s 2025-03-27  |v 61161.00  |w 2019-11-24  |y BK_R  |z Catalogado en:20190628  |k ICO 
952 |0 0  |1 0  |2 ddc  |3 erb  |4 0  |6 658_403801100000000_LAU_2016  |7 0  |8 R  |9 491879  |a BIBENE  |b BIBENE  |d 2019-06-24  |e 1  |g 61161.00  |i 5554284  |l 3  |o 658.4038011 LAU 2016  |p 5554284  |r 2025-03-20  |s 2025-03-18  |v 61161.00  |w 2019-11-24  |y BK_R  |z Catalogado en:20190628  |k ICO 
952 |0 0  |1 0  |3 erb  |4 0  |6 658_403801100000000_LAU_2016  |7 0  |8 R  |9 491880  |a BIBENE  |b BIBENE  |d 2019-06-24  |e 1  |g 61161.00  |i 5554292  |l 8  |o 658.4038011 LAU 2016  |p 5554292  |r 2025-03-31  |s 2025-03-28  |v 61161.00  |w 2019-11-24  |y BK_R  |z Catalogado en:20190628  |k ICO